<?xml version="1.0" encoding="UTF-8"?>
<record
    xmlns:xsi="http://www.w3.org/2001/XMLSchema-instance"
    xsi:schemaLocation="http://www.loc.gov/MARC21/slim http://www.loc.gov/standards/marcxml/schema/MARC21slim.xsd"
    xmlns="http://www.loc.gov/MARC21/slim">

  <leader>01708nam a22002177a 4500</leader>
  <controlfield tag="003">KPN</controlfield>
  <controlfield tag="005">20250909152037.0</controlfield>
  <controlfield tag="008">240611b        |||||||| |||| 00| 0 my d</controlfield>
  <datafield tag="020" ind1=" " ind2=" ">
    <subfield code="a">9789670411439</subfield>
    <subfield code="q">paperback</subfield>
    <subfield code="c">RM17.00</subfield>
  </datafield>
  <datafield tag="040" ind1=" " ind2=" ">
    <subfield code="a">KPN</subfield>
    <subfield code="c">my</subfield>
    <subfield code="e">rda</subfield>
  </datafield>
  <datafield tag="082" ind1=" " ind2=" ">
    <subfield code="2">23</subfield>
    <subfield code="a">BM FK AIN 2015</subfield>
  </datafield>
  <datafield tag="090" ind1=" " ind2=" ">
    <subfield code="a">BM FK AIN 2015</subfield>
    <subfield code="b">AIN</subfield>
  </datafield>
  <datafield tag="100" ind1=" " ind2=" ">
    <subfield code="a">Ain Maisarah,</subfield>
    <subfield code="e">author</subfield>
    <subfield code="d">1982-</subfield>
  </datafield>
  <datafield tag="245" ind1=" " ind2=" ">
    <subfield code="a">Cikgu Paling Berhantu</subfield>
    <subfield code="c">Ain Maisarah, Eima Manan</subfield>
  </datafield>
  <datafield tag="260" ind1=" " ind2=" ">
    <subfield code="a">Batu Caves, Selangor</subfield>
    <subfield code="b">Blink Book Sdn Bhd</subfield>
    <subfield code="c">2015</subfield>
  </datafield>
  <datafield tag="300" ind1=" " ind2=" ">
    <subfield code="a">239 ms :</subfield>
    <subfield code="b">illustrations</subfield>
    <subfield code="c">19 cm</subfield>
  </datafield>
  <datafield tag="500" ind1=" " ind2=" ">
    <subfield code="a">Sempena menyambut Hari Guru 16 Mei dua minggu lagi, Cikgu Nazha selaku guru sidang redaksi majalah Sekolah Sri Bangsar telah memberi tugasan kepada semua ahli buletin untuk menulis artikel Guru Paling. Setiap ahli diberi pilihan untuk menulis tentang artikel seorang guru sahaja. Lima artikel tentang Guru Paling akan dimuatkan ke dalam majalah sekolah. Betty dan Wilma bersaing untuk merebut tempat kelima teratas dan saling mahu tunjuk taring dalam penulisan artikel kali ini.

Malang tidak berbau, Betty pula ditimpa kemalangan semasa mahu menyiapkan tugasan buletin tentang artikel Guru Paling. Namun kemalangan itu meragukan Betty sendiri.

&#x201C;Apa yang peliknya?&#x201D; tanya Milah dengan bersungguh-sungguh.

&#x201C;Saya dapat rasa ada tangan yang menolak saya sampai jatuh tangga itu. Bila saya ingat balik peristiwa yang memeritkan itu, saya rasa itu cuma khayalan sahaja. Tetapi jauh di sudut hati, saya yakin seperti ada orang yang menolak saya dari belakang.&#x201D; Betty bersungguh-sungguh bercerita tentang pengalamannya jatuh tangga.

Semua sudah meremang bulu roma.

</subfield>
  </datafield>
  <datafield tag="650" ind1=" " ind2=" ">
    <subfield code="2">Malay fiction</subfield>
  </datafield>
  <datafield tag="700" ind1=" " ind2=" ">
    <subfield code="a">Eima Manan</subfield>
    <subfield code="e">author.</subfield>
  </datafield>
  <datafield tag="942" ind1=" " ind2=" ">
    <subfield code="2">ddc</subfield>
    <subfield code="c">1</subfield>
    <subfield code="n">0</subfield>
  </datafield>
  <datafield tag="999" ind1=" " ind2=" ">
    <subfield code="c">1635</subfield>
    <subfield code="d">1635</subfield>
  </datafield>
  <datafield tag="952" ind1=" " ind2=" ">
    <subfield code="0">0</subfield>
    <subfield code="1">0</subfield>
    <subfield code="2">ddc</subfield>
    <subfield code="4">0</subfield>
    <subfield code="7">0</subfield>
    <subfield code="8">F</subfield>
    <subfield code="a">KPN</subfield>
    <subfield code="b">KPN</subfield>
    <subfield code="c">FICK</subfield>
    <subfield code="d">2025-09-09</subfield>
    <subfield code="l">0</subfield>
    <subfield code="o">BM FK AIN 2015</subfield>
    <subfield code="p">KPN25090011</subfield>
    <subfield code="r">2025-09-09</subfield>
    <subfield code="w">2025-09-09</subfield>
    <subfield code="y">1</subfield>
  </datafield>
</record>
